000 01557nam a2200385 c 4500
999 _c119039
_d119039
003 BLK
005 20220819121523.0
008 180409b bul|||||r ||||||| ||bul||
010 _aKNG00124653000
040 _aBLK
041 _aBUL
_cBUL
080 _aСпециална библиография
_b016
_x:091
_z016:091
080 _aАрхивистика. Архиви
_b930.25
_z930.25
080 _aРъкописи. Вж и 75.056; 75.057
_b091
_z091
100 1 _aСайяр, Джемшид
_eпърви автор
_9118500
139 _aСайяр, Джемшид
_bС 13
245 1 0 _aОпис на персийските ръкописи в Народната библиотека Кирил и Методий
_cДжемшид Сайяр; ред. Галина И. Костигова.
246 1 1 _aCataloge of the persian manuscripts
257 _aBGR
260 _aСофия
_bНар. библ. Кирил и Методий
_c1973
300 _a238 с.
_bс факс.
_c24 см
380 _a0
500 _aИменен и хронол. показалец.
650 4 _aПерсийска литература - история
_9166091
650 4 _aРъкописи
_9170078
653 _aПерсия
653 _aръкописи
653 _aописи
700 1 _aКостигова, Галина И.
_eред.
_982975
852 _aЦб 71818
856 4 _qpdf
856 4 _qpdf
942 _cKNG
_n0
_s1
944 _aCR
_c30.07.2011
_l30.07.2011 - от С1,Р / 30.07.2011
_kНора_Радева
944 _aED
_c30.07.2011
_l30.07.2011 - от С1,Р / 30.07.2011
944 _aED
_c2022-08-19
_kХристина Везирева
999 _d119039